000 00997nam a22002657a 4500
003 DO-SdBNP
005 20220309112320.0
007 ta
008 210317b 2020 dr a 00| 0 eng d
020 _a9789945922929
040 _aDO-SdBNP
_bspa
_cBNPHHU
082 4 _a158.1
_bM578c
_222
100 1 _aCaonabo Enrique Mesa Ureña,
_d1981-
_978163
245 1 0 _aCómo hacerse millonario pensando /
_cCaonabo Enrique Mesa Ureña, Toxic Crow ; corrección de estilo Mary Pérez ; ilustración Cindy Martínez.
260 _aSanto Domingo :
_bNuevas Tierras Ediciones,
_c2020.
300 _a80 p. :
_bil. ;
_c22 cm.
500 _aIncluye datos biográficos del autor en la contracubierta.
590 _aInventariado, 2021 /LP
650 1 4 _aÉxito en los negocios
_97710
650 1 4 _aAutorrealización (Psicología)
700 1 _aPérez, Mary,
_ecorrección de estilo
_978164
700 1 _aMartínez. Cindy,
_eilustración
_978165
910 _aValidado. Control de calidad MFF
942 _2ddc
_cLBS1
999 _c49605
_d49605